00937nam a2200253 a 450000100100000000500170001000800410002702000180006804000250008608200170011110000240012824501150015226000380026730000210030565000330032665000430035965000210040265000290042365000270045270000350047991000370051495201150055199900170066600004399820260116073830.0110407s2008 dr 000 0 spa d a9789945854732 aDO-SdBNPbspacBNPHU a158.1bH632d1 aHidalgo, Saulo938610aDel pozo al palacio :b7 pasos para mejorar drásticamente su vida /cSaulo Hidalgo ; prólogo Josu Iriondo. aSanto Domingo :aSerigraf,c2008. a345 p. ;c22 cm. 4aTécnicas de autoayuda9387 0aAutorrealización (Psicología)9211 0aAutoestima 9212 4aToma de decisiones95494 4aÉtica cristiana938912aIriondo, Josu,epról.955173 aValidado. Control de calidad MFF 0010718PDaPDbPDcHDd2014-05-13iLF1l0o158.1 H632dp43998-10r2020-06-25w2020-06-25yLFPDZNo se presta c43487d43487